| 000 | 00706nam a2200217 4500 | ||
|---|---|---|---|
| 001 | 116734 | ||
| 003 | ES-MaACL | ||
| 007 | t| | ||
| 008 | 061121s1981 sp r ||||1| spa d | ||
| 100 | 1 |
_aOursel, Raymond. _987979 |
|
| 245 | 1 | 3 |
_aLa pintura románica / _ctexto de Raymond Oursel ; fotografías de Zodiaque ; traducción de René Palacios More. |
| 250 | _a1ª. ed. | ||
| 260 |
_aMadrid : _bEncuentro, _c1981. |
||
| 300 |
_a507 p., 114 lám negras, 29 lám color. ; _c23 cm. |
||
| 490 | 1 | _aEuropa románica | |
| 700 | 0 |
_aZodiaque _9118322 |
|
| 700 | 1 |
_aPalacios More, René, _d1939- _988440 |
|
| 830 | 0 |
_aEuropa románica _9178589 |
|
| 852 |
_aES-MaACL _jL-3847 |
||
| 999 |
_c116734 _d116734 |
||